[Event "SVK-ch U14"]
[Site "Tatralandia"]
[Date "2025.05.14"]
[Round "5"]
[White "Kolejak, Martin"]
[Black "Dibdiak, Peter"]
[Result "0-1"]
[WhiteElo "1000"]
[BlackElo "1430"]
[PlyCount "52"]
[EventDate "2025.05.11"]
[EventType "swiss"]
[EventRounds "9"]
[EventCountry "SVK"]
[SourceTitle "CB21_2025"]
[SourceDate "2025.05.21"]
[SourceVersion "1"]
[SourceVersionDate "2025.05.21"]
[SourceQuality "1"]

1. e4 c5 2. Nf3 Nc6 3. Nc3 g6 4. d4 cxd4 5. Nxd4 Bg7 6. Nxc6 bxc6 7. Bd2 Nf6 8. Qc1 Qb6 9. Be2 d5 10. Bf3 Bg4 11. Bxg4 Nxg4 12. 0-0 0-0 13. exd5 cxd5 14. Nxd5 Qb7 15. Nc3 Qc7 16. g3 Ne5 17. Qd1 Qb7 18. f3 Nc4 19. b3 Nxd2 20. Qxd2 Qb6+ 21. Kg2 Rad8 22. Qe1 Qc5 23. Qe4 Rd2+ 24. Kh1 Bxc3 25. Rac1 Rd4 26. Qe3 Bd2 0-1

[Event "SVK-ch U14"]
[Site "Tatralandia"]
[Date "2025.05.13"]
[Round "3"]
[White "Habara, Viliam"]
[Black "Dibdiak, Peter"]
[Result "1-0"]
[WhiteElo "1162"]
[BlackElo "1430"]
[PlyCount "37"]
[EventDate "2025.05.11"]
[EventType "swiss"]
[EventRounds "9"]
[EventCountry "SVK"]
[SourceTitle "CB21_2025"]
[SourceDate "2025.05.21"]
[SourceVersion "1"]
[SourceVersionDate "2025.05.21"]
[SourceQuality "1"]

1. c4 e5 2. Nc3 Nf6 3. e4 Bb4 4. Nf3 Nc6 5. d3 Bc5 6. Be2 Ng4 7. 0-0 0-0 8. Nd5 d6 9. h3 Nf6 10. Bg5 Nb8 11. Nxf6+ gxf6 12. Bh4 Nc6 13. a3 Ne7 14. Bxf6 b6 15. Qd2 Qd7 16. Qg5+ Ng6 17. Qh6 Bxf2+ 18. Kxf2 Qxh3 19. Qg7# 1-0